2020: NFL Teams with the Most Points - Statistics

General Stats
  • This quiz has been taken 36 times
  • The average score is 9 of 10
Answer Stats
Number of points NFL Team % Correct
473 Kansas City Chiefs
100%
492 Tampa Bay Buccaneers
100%
468 Baltimore Ravens
90%
501 Buffalo Bills
90%
509 Green Bay Packers
90%
482 New Orleans Saints
90%
459 Seattle Seahawks
87%
491 Tennessee Titans
87%
451 Indianapolis Colts
84%
434 Las Vegas Raiders
84%
No matching quizzes found
Score Distribution
Percent of People with Each Score
Percentile by Number Answered
Your Score History
You have not taken this quiz